Calling, the caller, and being called: a qualitative study of transcendent calling

Saved in:  
Bibliographic Details
Authors: McKenna, Robert B. (Author) ; Haney, Deanna M. (Author) ; Ecker, Diana L. (Author) ; Matson, Juliann (Author) ; Becker, Olivia (Author) ; Boyd, Tanya N. (Author) ; Hickory, Mckendree J. (Author)
Format: Print Article
Language:English
Check availability: HBZ Gateway
Interlibrary Loan:Interlibrary Loan for the Fachinformationsdienste (Specialized Information Services in Germany)
Published: [2015]
In: Journal of psychology and christianity
Year: 2015, Volume: 34, Issue: 4, Pages: 294-303
Standardized Subjects / Keyword chains:B Vocation / God
RelBib Classification:AE Psychology of religion
CB Christian life; spirituality
NBC Doctrine of God

MARC

LEADER 00000caa a2200000 c 4500
001 1647105854
003 DE-627
005 20191209092726.0
007 tu
008 160419s2015 xx ||||| 00| ||eng c
035 |a (DE-627)1647105854 
035 |a (DE-576)468273727 
035 |a (DE-599)BSZ468273727 
040 |a DE-627  |b ger  |c DE-627  |e rda 
041 |a eng 
084 |a 0  |a 1  |2 ssgn 
100 1 |e VerfasserIn  |0 (DE-588)1096199408  |0 (DE-627)856579599  |0 (DE-576)420624716  |4 aut  |a McKenna, Robert B. 
109 |a McKenna, Robert B.  |a MacKenna, Robert B. 
245 1 0 |a Calling, the caller, and being called  |b a qualitative study of transcendent calling  |c Robert B. McKenna (Seattle Pacific University), Deanna M. Haney (Seattle Pacific University), Diana L. Ecker (Seattle Pacific University), Juliann Matson (Seattle Pacific University), Olivia Becker (Seattle Pacific University), Tanja N. Boyd (Seattle Pacific University), McKendree J. Hickory (Seattle Pacific University) 
264 1 |c [2015] 
336 |a Text  |b txt  |2 rdacontent 
337 |a ohne Hilfsmittel zu benutzen  |b n  |2 rdamedia 
338 |a Band  |b nc  |2 rdacarrier 
652 |a AE:CB:NBC 
689 0 0 |d s  |0 (DE-588)4005966-2  |0 (DE-627)10637902X  |0 (DE-576)208863796  |2 gnd  |a Berufung 
689 0 1 |d s  |0 (DE-588)4021662-7  |0 (DE-627)104649747  |0 (DE-576)208939261  |2 gnd  |a Gott 
689 0 |5 (DE-627) 
700 1 |e VerfasserIn  |0 (DE-588)1096225530  |0 (DE-627)856632597  |0 (DE-576)467925704  |4 aut  |a Haney, Deanna M. 
700 1 |e VerfasserIn  |0 (DE-588)1096225700  |0 (DE-627)856632988  |0 (DE-576)467926085  |4 aut  |a Ecker, Diana L. 
700 1 |e VerfasserIn  |0 (DE-588)109622657X  |0 (DE-627)856634530  |0 (DE-576)467927685  |4 aut  |a Matson, Juliann 
700 1 |e VerfasserIn  |0 (DE-588)1096226944  |0 (DE-627)856635383  |0 (DE-576)467928304  |4 aut  |a Becker, Olivia 
700 1 |e VerfasserIn  |0 (DE-588)1096227266  |0 (DE-627)856635871  |0 (DE-576)420624708  |4 aut  |a Boyd, Tanya N. 
700 1 |e VerfasserIn  |0 (DE-588)1096227754  |0 (DE-627)856636851  |0 (DE-576)467929645  |4 aut  |a Hickory, Mckendree J. 
773 0 8 |i Enthalten in  |t Journal of psychology and christianity  |d Farmington Hills, Mich., 1982  |g 34(2015), 4, Seite 294-303  |w (DE-627)166575569  |w (DE-600)225945-X  |w (DE-576)015054578  |x 0733-4273  |7 nnas 
773 1 8 |g volume:34  |g year:2015  |g number:4  |g pages:294-303 
951 |a AR 
ELC |b 1 
ITA |a 1  |t 1 
LOK |0 000 xxxxxcx a22 zn 4500 
LOK |0 001 3321679965 
LOK |0 003 DE-627 
LOK |0 004 1647105854 
LOK |0 005 20160422100559 
LOK |0 008 160419||||||||||||||||ger||||||| 
LOK |0 040   |a DE-Tue135  |c DE-627  |d DE-Tue135 
LOK |0 092   |o n 
LOK |0 852   |a DE-Tue135 
LOK |0 852 1  |9 00 
LOK |0 935   |a ixzs 
LOK |0 936ln  |0 1442043768  |a CB 
LOK |0 936ln  |0 1442043024  |a AE 
LOK |0 936ln  |0 1442051507  |a NBC 
LOK |0 939   |a 19-04-16  |b l01 
ORI |a SA-MARC-ixtheoa001.raw 
REL |a 1 
STA 0 0 |a God,God,Vocation,Appeal,Offer of a university position,Vocation,Calling,Call to a university position 
STB 0 0 |a Dieu,Dieu,Vocation,Appel,Nomination à une chaire de professeur,Vocation 
STC 0 0 |a Dios,Dios,Vocación,Apelación,Contratación de profesor universitario,Vocación 
STD 0 0 |a Dio,Dio,Vocazione,Appello,Nomina a una cattedra,Vocazione 
STE 0 0 |a 神,神,上帝,上帝,职业,上诉,聘任,职业,任命 
STF 0 0 |a 神,神,上帝,上帝,職業,上訴,聘任,職業,任命 
STG 0 0 |a Deus,Deus,Vocação,Apelação,Contratação de professor universitário,Vocação 
STH 0 0 |a Бог (мотив),Бог,Призвание (мотив),Обжалование судебного решения,Назначение на должность (вуз),Призвание 
STI 0 0 |a Θεός (μοτίβο),Θεός,Κλίση <μοτίβο>,Έφεση,Διορισμός (πανεπιστημιακό δίκαιο),Κλίση,Προσφυγή (διαδικαστικό δίκαιο),Έφεση (μοτίβο) 
SUB |a REL 
SYG 0 0 |a Berufungsverfahren,Berufungsverfahren , Playing God